| 000 | 00558nam a22001937a 4500 | ||
|---|---|---|---|
| 005 | 20240723164658.0 | ||
| 040 | _curs | ||
| 050 | _aHD 31 T69 1970 | ||
| 100 | _aTownsend, Robert | ||
| 245 |
_aUp the organization _bHow to stop the Corporation from stifling people and strangling profits _cRobert Townsend |
||
| 250 | _a1970 | ||
| 260 |
_aLondon _bMichael Joseph LTD _c1970 |
||
| 300 | _a188 pages | ||
| 336 |
_2rdacontent _atext _btxt |
||
| 337 |
_2rdamedia _aunmediated _bn |
||
| 338 |
_2rdacarrier _avolume _bnc |
||
| 650 | _2Management | ||
| 942 |
_2lcc _cBK |
||
| 999 |
_c80733 _d80732 |
||